| 000 | 00389nam a22001577a 4500 | ||
|---|---|---|---|
| 003 | OSt | ||
| 008 | 240415b |||||||| |||| 00| 0 eng d | ||
| 020 | _a9789354973765 | ||
| 082 | _a005.133 THP | ||
| 100 | _aTHAREJA, Reema | ||
| 245 | _aPython Programming using Problem Solving Approach | ||
| 250 | _a2nd Ed | ||
| 260 |
_aNew Delhi _b Pearsons _c2024 |
||
| 300 | _a491 | ||
| 942 |
_2ddc _cBK |
||
| 999 |
_c12504 _d12504 |
||